书目信息 |
| 题名: |
漫画《庄子》心得
|
|
| 作者: | 洋洋兔 编绘 | |
| 分册: | ||
| 出版信息: | 郑州 海燕出版社 2007.07 |
|
| 页数: | 124页 | |
| 开本: | 20cm | |
| 丛书名: | ||
| 单 册: | ||
| 中图分类: | B223.5 | |
| 科图分类: | ||
| 主题词: | 先秦哲学 | |
| 电子资源: | ||
| ISBN: | 978-7-5350-3438-0 | |
| 000 | 00582nam0 2200217 45 | |
| 001 | 0938814008 | |
| 005 | 20091020104753.30 | |
| 010 | @a978-7-5350-3438-0@dCNY18.00 | |
| 100 | @a20090515d2007 ekmy0 y0120 ea | |
| 102 | @aCN@b130000 | |
| 102 | @aCN@b410000 | |
| 105 | @ay z 000yy | |
| 200 | 1 | @a漫画《庄子》心得@f洋洋兔编绘@Fyang yang tu bian hui |
| 210 | @a郑州@c海燕出版社@d2007.07 | |
| 215 | @a124页@d20cm | |
| 606 | 0 | @a先秦哲学 |
| 690 | @aB223.5@v4 | |
| 701 | 0 | @a洋洋兔@Ayang yang tu@4编绘 |
| 801 | 0 | @aCN@c20091020 |
| 905 | @a10447@dB223.5@eY340 | |
| 906 | @d18@n3@r1 | |
| 漫画《庄子》心得/洋洋兔编绘.-郑州:海燕出版社,2007.07 |
| 124页;20cm |
| ISBN 978-7-5350-3438-0:CNY18.00 |
| ● |
| 相关链接 |
|
|
|
正题名:漫画《庄子》心得
索取号:B223.5/Y340
 
预约/预借
| 序号 | 登录号 | 条形码 | 馆藏地/架位号 | 状态 | 备注 |
| 1 | 891903 | 208919036 | 社科库509/ [索取号:B223.5/Y340] | 在馆 | |
| 2 | 891904 | 208919045 | 社科库509/ [索取号:B223.5/Y340] | 在馆 | |
| 3 | 891905 | 208919054 | 社科库509/509社科库 13排1列2层/ [索取号:B223.5/Y340] | 在馆 |